[Event "Wch U16 Girls"]
[Site "Mamaia"]
[Date "2022.09.15"]
[Round "10"]
[White "Bondar, Daria"]
[Black "Tsakona, Maria"]
[Result "0-1"]
[WhiteElo "1641"]
[BlackElo "1975"]
[PlyCount "70"]
[EventDate "2022.09.06"]
[EventType "swiss"]
[EventRounds "11"]
[EventCountry "ROU"]
[SourceTitle "CBM 210 Extra"]
[Source "ChessBase"]
[SourceDate "2022.11.30"]
[SourceVersion "1"]
[SourceVersionDate "2022.11.30"]
[SourceQuality "1"]

1. e4 c5 2. Nf3 e6 3. d4 cxd4 4. Nxd4 Nc6 5. Nc3 Qc7 6. Be2 a6 7. 0-0 b5 8. Nxc6 dxc6 9. Kh1 Bb7 10. f4 c5 11. Bf3 Be7 12. Be3 b4 13. Nb1 Nf6 14. Nd2 h5 15. c4 e5 16. f5 Rd8 17. Qe2 Qd7 18. Rfd1 Qd3 19. Qe1 Qc2 20. Qg3 Qxb2 21. Rab1 Qa3 22. Rb3 Qa5 23. Qxe5 Kf8 24. a3 Bd6 25. Qa1 Qc7 26. axb4 Ng4 27. bxc5 Be5 28. Qa3 Bc6 29. h3 Bd4 30. hxg4 hxg4+ 31. Kg1 gxf3 32. Nf1 Bxe3+ 33. Nxe3 Qh2+ 34. Kf2 Rxd1 35. Rb8+ Qxb8 0-1

[Event "Wch U16 Girls"]
[Site "Mamaia"]
[Date "2022.09.14"]
[Round "9"]
[White "Francisco Guecamburu, Candela Be"]
[Black "Tsakona, Maria"]
[Result "1-0"]
[WhiteElo "2233"]
[BlackElo "1975"]
[PlyCount "53"]
[EventDate "2022.09.06"]
[EventType "swiss"]
[EventRounds "11"]
[EventCountry "ROU"]
[SourceTitle "CBM 210 Extra"]
[Source "ChessBase"]
[SourceDate "2022.11.30"]
[SourceVersion "1"]
[SourceVersionDate "2022.11.30"]
[SourceQuality "1"]

1. e4 c5 2. Nf3 e6 3. d4 cxd4 4. Nxd4 Nc6 5. Nf3 Qc7 6. Bd3 a6 7. 0-0 Nf6 8. c4 b6 9. Nc3 Ne5 10. Nxe5 Qxe5 11. Re1 g5 12. Nd5 Bd6 13. g3 Kf8 14. f4 gxf4 15. Bxf4 Qd4+ 16. Be3 Qe5 17. Nxf6 Qxf6 18. e5 Bxe5 19. Rf1 Qg7 20. Qf3 Ke7 21. Qxa8 Bxg3 22. Qg2 Rg8 23. hxg3 Bb7 24. Qf2 Qg4 25. Qxf7+ Kd8 26. Bxb6+ Kc8 27. Qf8+ 1-0

[Event "Wch U16 Girls"]
[Site "Mamaia"]
[Date "2022.09.12"]
[Round "7"]
[White "Manko, Mariya"]
[Black "Tsakona, Maria"]
[Result "1/2-1/2"]
[WhiteElo "2082"]
[BlackElo "1975"]
[PlyCount "97"]
[EventDate "2022.09.06"]
[EventType "swiss"]
[EventRounds "11"]
[EventCountry "ROU"]
[SourceTitle "CBM 210 Extra"]
[Source "ChessBase"]
[SourceDate "2022.11.30"]
[SourceVersion "1"]
[SourceVersionDate "2022.11.30"]
[SourceQuality "1"]

1. Nf3 d5 2. g3 c6 3. c4 Nf6 4. b3 Bg4 5. Bg2 e6 6. 0-0 Be7 7. Bb2 0-0 8. Ne5 Bf5 9. d3 Nbd7 10. Nd2 a5 11. Nxd7 Nxd7 12. e4 dxe4 13. dxe4 Bg6 14. f4 f6 15. Qe2 a4 16. Bc3 axb3 17. axb3 Qb6+ 18. Kh1 Bb4 19. Qd3 Rxa1 20. Rxa1 Nc5 21. Qe3 Rd8 22. Bxb4 Qxb4 23. Ra2 Bh5 24. Bf1 Bd1 25. e5 f5 26. Kg1 g6 27. Kg2 Rd7 28. Kg1 Kg7 29. h3 Kf7 30. h4 Nxb3 31. Nxb3 Qxb3 32. Qxb3 Bxb3 33. Ra3 Bc2 34. c5 h6 35. Ra7 Re7 36. Ra8 g5 37. Rd8 gxf4 38. gxf4 Be4 39. Be2 Bd5 40. Kf2 b5 41. cxb6 Rb7 42. Bh5+ Kg7 43. Re8 c5 44. Ke3 Kh7 45. Kd2 Kg7 46. Kc3 Kh7 47. Kd2 Kg7 48. Kc3 Kh7 49. Kd2 1/2-1/2

[Event "Wch U16 Girls"]
[Site "Mamaia"]
[Date "2022.09.08"]
[Round "3"]
[White "Roebers, Eline"]
[Black "Tsakona, Maria"]
[Result "1-0"]
[WhiteElo "2375"]
[BlackElo "1975"]
[PlyCount "51"]
[EventDate "2022.09.06"]
[EventType "swiss"]
[EventRounds "11"]
[EventCountry "ROU"]
[SourceTitle "CBM 210 Extra"]
[Source "ChessBase"]
[SourceDate "2022.11.30"]
[SourceVersion "1"]
[SourceVersionDate "2022.11.30"]
[SourceQuality "1"]

1. e4 c5 2. Nf3 e6 3. d4 cxd4 4. Nxd4 Nc6 5. Nc3 Qc7 6. Be3 a6 7. Qf3 d6 8. 0-0-0 Bd7 9. Qg3 Nf6 10. f4 g6 11. Be2 b5 12. a3 Rc8 13. Rd2 b4 14. axb4 Nxb4 15. Nb3 a5 16. Qg5 Na2+ 17. Nxa2 Nxe4 18. Qxa5 Nxd2 19. Qxd2 Qb7 20. Nc3 Bg7 21. Qxd6 Ba4 22. Nxa4 Qxb3 23. Bc5 Bf8 24. Qxf8+ Rxf8 25. cxb3 f6 26. Rd1 1-0

[Event "Wch U16 Girls"]
[Site "Mamaia"]
[Date "2022.09.07"]
[Round "2"]
[White "Tsakona, Maria"]
[Black "Buchholz, Maja Patricia"]
[Result "1-0"]
[WhiteElo "1975"]
[BlackElo "1765"]
[PlyCount "127"]
[EventDate "2022.09.06"]
[EventType "swiss"]
[EventRounds "11"]
[EventCountry "ROU"]
[SourceTitle "CBM 210 Extra"]
[Source "ChessBase"]
[SourceDate "2022.11.30"]
[SourceVersion "1"]
[SourceVersionDate "2022.11.30"]
[SourceQuality "1"]

1. d4 d5 2. c4 c6 3. cxd5 cxd5 4. Bf4 Nc6 5. e3 a6 6. Nc3 Nf6 7. Be2 Bf5 8. Nf3 e6 9. Qb3 Na5 10. Qa4+ Nd7 11. Ne5 b5 12. Nxb5 axb5 13. Bxb5 Nc6 14. Nxc6 Rxa4 15. Nxd8 Rb4 16. Bxd7+ Kxd8 17. Bc6 Rxb2 18. 0-0 Ba3 19. Rfc1 Ke7 20. Ba4 Ra8 21. Rc7+ Kf6 22. Bb3 Bb1 23. h4 Bf8 24. Rb7 Bxa2 25. Bxd5 Bxd5 26. Rxa8 Rxb7 27. Rxf8 h6 28. Rg8 Kg6 29. Kh2 f6 30. Rd8 Kh5 31. Kh3 f5 32. Be5 g5 33. Rh8 Kg6 34. Rg8+ Kh5 35. f3 g4+ 36. fxg4+ fxg4+ 37. Rxg4 Rb3 38. Rg3 Be4 39. Bf6 Rb1 40. Rg7 Rh1+ 41. Kg3 Rf1 42. Be5 Bf5 43. Rg8 Rh1 44. Bf6 Rf1 45. Be7 Bh7 46. Rg7 Bf5 47. Rf7 Rd1 48. Kf4 Rf1+ 49. Ke5 Re1 50. Rxf5+ exf5 51. Kxf5 Rg1 52. d5 Rxg2 53. d6 Rf2+ 54. Ke6 Re2 55. d7 Rxe3+ 56. Kf7 Rd3 57. d8Q Rxd8 58. Bxd8 Kg4 59. Kg6 h5 60. Be7 Kf4 61. Bf6 Ke4 62. Kg5 Kd5 63. Kxh5 Ke6 64. Kg6 1-0

[Event "GRE-ch U16 Girls"]
[Site "Thessaloniki"]
[Date "2022.08.24"]
[Round "9"]
[White "Kaliontzaki, Argyro Evanthia"]
[Black "Tsakona, Maria"]
[Result "0-1"]
[WhiteElo "1395"]
[BlackElo "1977"]
[PlyCount "144"]
[EventDate "2022.08.18"]
[EventType "swiss"]
[EventRounds "9"]
[EventCountry "GRE"]
[SourceTitle "EXT 2024"]
[Source "ChessBase"]
[SourceDate "2023.10.10"]
[SourceVersion "1"]
[SourceVersionDate "2023.10.10"]
[SourceQuality "1"]

1. e4 c6 2. d4 d5 3. e5 Bf5 4. g4 Be4 5. f3 Bg6 6. e6 Qd6 7. exf7+ Bxf7 8. Nc3 Nd7 9. f4 h5 10. g5 e6 11. Nf3 Ne7 12. Be3 0-0-0 13. Qd2 Qc7 14. 0-0-0 Nf5 15. Bd3 Bg6 16. Rhe1 Bb4 17. Ne5 Nxe5 18. fxe5 Ne7 19. Rf1 Bxd3 20. Qxd3 Qa5 21. Kb1 Bxc3 22. Qxc3 Qxc3 23. bxc3 Rdf8 24. Bc1 Kd7 25. Ba3 Rxf1 26. Rxf1 Nf5 27. Kc1 Ke8 28. Kd2 Kf7 29. Kd3 Kg6 30. Rg1 Rd8 31. Bc1 Rd7 32. Bd2 Rf7 33. Ke2 Nh4 34. Rg3 b5 35. Rh3 Nf5 36. Kd3 Rb7 37. Rf3 Rf7 38. Rh3 Rb7 39. Rf3 Rb6 40. Rf1 Ra6 41. Ra1 Nh4 42. Ke2 Ra3 43. Kf2 Nf5 44. Ke2 Ra6 45. Kd3 Rb6 46. Ke2 Rb8 47. a4 Rb7 48. a5 Rf7 49. Rg1 Nh4 50. Rg3 Rf8 51. Rh3 Nf5 52. Kd3 Rf7 53. Ke2 a6 54. Kd3 Ne7 55. Ke2 Rf5 56. Rg3 h4 57. Rg4 Kh5 58. h3 Ng6 59. Bc1 Nf8 60. Bd2 Ng6 61. Be3 Rf8 62. Bd2 Ne7 63. Be1 Nf5 64. Bf2 Rh8 65. Be1 Kg6 66. Kf3 Rh7 67. Ke2 Rh5 68. Bd2 Ng3+ 69. Kd3 Ne4 70. Be1 Nxg5 71. Bxh4 Kf5 72. Bxg5 Rxh3+ 0-1

[Event "GRE-ch U16 Girls"]
[Site "Thessaloniki"]
[Date "2022.08.22"]
[Round "7"]
[White "Tsakona, Maria"]
[Black "Tzempelikou, Agapi"]
[Result "1-0"]
[WhiteElo "1977"]
[BlackElo "1341"]
[PlyCount "63"]
[EventDate "2022.08.18"]
[EventType "swiss"]
[EventRounds "9"]
[EventCountry "GRE"]
[SourceTitle "EXT 2024"]
[Source "ChessBase"]
[SourceDate "2023.10.10"]
[SourceVersion "1"]
[SourceVersionDate "2023.10.10"]
[SourceQuality "1"]

1. e4 e6 2. d4 d5 3. Nd2 dxe4 4. Nxe4 Nd7 5. Nf3 Ngf6 6. Bd3 c5 7. c3 cxd4 8. Nxd4 Nxe4 9. Bxe4 Nf6 10. Bc2 Bc5 11. Be3 Bxd4 12. Bxd4 Bd7 13. Qe2 Bc6 14. f3 Qa5 15. 0-0 Kf8 16. b4 Qg5 17. a4 Nd5 18. Kh1 Kg8 19. Rfe1 h5 20. Qf2 a5 21. b5 Be8 22. c4 Nf4 23. Re5 Qe7 24. Qg3 f6 25. Ree1 g5 26. h4 Rh6 27. hxg5 fxg5 28. Re5 Bg6 29. Rxg5 Qf7 30. Be5 Ne2 31. Rxg6+ Kf8 32. Qg5 1-0

[Event "Dortmund NRW Cup (Women) 49th"]
[Site "Dortmund"]
[Date "2022.07.21"]
[Round "6"]
[White "Ricken, Katharina"]
[Black "Tsakona, Maria"]
[Result "1/2-1/2"]
[WhiteElo "2282"]
[BlackElo "2007"]
[PlyCount "120"]
[EventDate "2022.07.16"]
[EventType "tourn"]
[EventRounds "9"]
[EventCountry "GER"]
[SourceTitle "CBM 209 Extra"]
[Source "ChessBase"]
[SourceDate "2022.09.30"]
[SourceVersion "1"]
[SourceVersionDate "2022.09.30"]
[SourceQuality "1"]

1. Nf3 Nf6 2. g3 d5 3. Bg2 c6 4. c4 Bf5 5. 0-0 e6 6. cxd5 exd5 7. d3 Bd6 8. Nc3 0-0 9. Qc2 Re8 10. Nh4 Bg4 11. h3 Bh5 12. e4 dxe4 13. dxe4 Nbd7 14. Be3 Bc5 15. Bxc5 Nxc5 16. g4 Bg6 17. Nxg6 hxg6 18. Rad1 Nfd7 19. Rd6 Qe7 20. Rfd1 Nb6 21. b4 Ne6 22. a4 Rad8 23. Qd3 Qf6 24. Qg3 Rxd6 25. Rxd6 Nxa4 26. Nxa4 Qa1+ 27. Bf1 Qxa4 28. Qc3 c5 29. bxc5 Rc8 30. Qd3 Rxc5 31. Rd8+ Kh7 32. Rd7 Rc7 33. Rxc7 Nxc7 34. Qd8 Ne6 35. Qd5 Qc6 36. Qe5 a6 37. Bg2 b5 38. h4 Qc1+ 39. Kh2 Qf4+ 40. Qxf4 Nxf4 41. Bf1 g5 42. Kg3 Ne6 43. hxg5 b4 44. Bxa6 b3 45. Bd3 Nc5 46. Bb1 Na4 47. e5+ g6 48. f4 Nc3 49. Bd3 b2 50. f5 b1Q 51. Bxb1 Nxb1 52. Kf4 Nd2 53. e6 fxe6 54. Ke5 Nf3+ 55. Kxe6 Nxg5+ 56. Kd7 Nf7 57. fxg6+ Kxg6 58. Ke6 Nh6 59. g5 Nf7 60. Kd5 Nxg5 1/2-1/2

[Event "Dortmund NRW Cup (Women) 49th"]
[Site "Dortmund"]
[Date "2022.07.18"]
[Round "3"]
[White "Tsakona, Maria"]
[Black "Priyanka, Nutakki"]
[Result "0-1"]
[WhiteElo "2007"]
[BlackElo "2308"]
[PlyCount "90"]
[EventDate "2022.07.16"]
[EventType "tourn"]
[EventRounds "9"]
[EventCountry "GER"]
[SourceTitle "CBM 209 Extra"]
[Source "ChessBase"]
[SourceDate "2022.09.30"]
[SourceVersion "1"]
[SourceVersionDate "2022.09.30"]
[SourceQuality "1"]

1. d4 d5 2. c4 e6 3. Nc3 a6 4. cxd5 exd5 5. Bf4 Nf6 6. e3 Bd6 7. Bxd6 Qxd6 8. Bd3 0-0 9. Nge2 Be6 10. 0-0 Nbd7 11. h3 Rfe8 12. Rc1 Rad8 13. Na4 Ne4 14. Qc2 c6 15. b4 Ndf6 16. Nc5 Bc8 17. a4 g5 18. b5 axb5 19. axb5 cxb5 20. Nxe4 Nxe4 21. Bxe4 Rxe4 22. Qc5 Qh6 23. Ng3 Ree8 24. Qxb5 f5 25. Rfe1 Be6 26. Rc7 Qg6 27. h4 f4 28. exf4 gxf4 29. Re5 h6 30. Nh5 Bf7 31. Nxf4 Qg4 32. Nxd5 Qd1+ 33. Kh2 Qxd4 34. Nf6+ Kf8 35. Rxf7+ Kxf7 36. Nxe8 Qxh4+ 37. Kg1 Rd1+ 38. Qf1 Rxf1+ 39. Kxf1 Qc4+ 40. Re2 Qc6 41. Re3 b5 42. f4 b4 43. g4 b3 44. g5 b2 45. Re1 Qh1+ 0-1

[Event "Wachtebeke op"]
[Site "Wachtebeke"]
[Date "2022.03.03"]
[Round "9"]
[White "Van der Meiden, Dirk"]
[Black "Tsakona, Maria"]
[Result "0-1"]
[WhiteElo "1989"]
[BlackElo "1864"]
[PlyCount "90"]
[EventDate "2022.02.26"]
[EventType "swiss"]
[EventRounds "9"]
[EventCountry "BEL"]
[SourceTitle "CBM 207 Extra"]
[Source "ChessBase"]
[SourceDate "2022.05.31"]
[SourceVersion "1"]
[SourceVersionDate "2022.05.31"]
[SourceQuality "1"]

1. e4 c6 2. d4 d5 3. e5 Bf5 4. h4 h5 5. Bd3 Bxd3 6. Qxd3 e6 7. Nf3 Qa5+ 8. Nbd2 Qa6 9. c4 Nd7 10. 0-0 Ne7 11. Re1 Nf5 12. b3 Be7 13. Qc2 Nxh4 14. Nxh4 Bxh4 15. a4 Qa5 16. Ba3 Be7 17. b4 Qb6 18. Qc3 a6 19. Reb1 0-0 20. b5 Qd8 21. bxc6 bxc6 22. Bxe7 Qxe7 23. Rb7 Rfb8 24. Rab1 Rxb7 25. Rxb7 Rb8 26. Qb3 Qd8 27. Rxd7 Qc8 28. Qh3 Qxd7 29. Qxh5 dxc4 30. Nf3 c3 31. Ng5 c2 32. Qh7+ Kf8 33. Qxc2 Qxd4 34. Nf3 Qb6 35. Kh2 g6 36. Qd2 Kg7 37. Kg3 Qb4 38. Qg5 Qe4 39. Qf6+ Kg8 40. Qg5 Qf5 41. Qe7 Rb3 42. Qe8+ Kg7 43. Qxc6 Qxe5+ 44. Kh3 Qf5+ 45. Kg3 g5 0-1

[Event "Wachtebeke op"]
[Site "Wachtebeke"]
[Date "2022.03.02"]
[Round "8"]
[White "Tsakona, Maria"]
[Black "Vereggen, Lars"]
[Result "0-1"]
[WhiteElo "1864"]
[BlackElo "2326"]
[PlyCount "110"]
[EventDate "2022.02.26"]
[EventType "swiss"]
[EventRounds "9"]
[EventCountry "BEL"]
[SourceTitle "CBM 207 Extra"]
[Source "ChessBase"]
[SourceDate "2022.05.31"]
[SourceVersion "1"]
[SourceVersionDate "2022.05.31"]
[SourceQuality "1"]

1. e4 g6 2. d4 Bg7 3. Nc3 d6 4. Be3 a6 5. g4 b5 6. Bg2 Bb7 7. h4 h6 8. Nge2 Nd7 9. Ng3 Nb6 10. Qe2 Nc4 11. a4 Nxe3 12. fxe3 b4 13. Nd5 e6 14. Nf4 Bf6 15. h5 Bh4 16. Qf3 g5 17. Nfe2 Qf6 18. 0-0 Qxf3 19. Rxf3 a5 20. c4 bxc3 21. Nxc3 Bxg3 22. Rxg3 Ne7 23. d5 c6 24. Rd1 Rd8 25. Bf3 0-0 26. dxe6 fxe6 27. Be2 Kg7 28. Bc4 d5 29. exd5 exd5 30. Be2 Bc8 31. Rf3 Rxf3 32. Bxf3 Kf6 33. Kg2 Ke5 34. Ne2 Ba6 35. Nd4 Rb8 36. Rd2 Bc4 37. Bd1 c5 38. Nf3+ Ke6 39. b3 Ba6 40. Bc2 Rb4 41. Kg3 Nc6 42. Rf2 Rb8 43. Nd2 Ne5 44. Rf5 Be2 45. Nb1 d4 46. Nd2 d3 47. Bb1 c4 48. Ne4 Nxg4 49. Rxa5 Nxe3 50. Ba2 Nf5+ 51. Kf2 Bxh5 52. Ke1 Nd4 53. Nc5+ Ke7 54. Na6 c3 55. Nxb8 d2+ 0-1

[Event "GRE-ch U20 Girls"]
[Site "Trikala"]
[Date "2021.08.27"]
[Round "7"]
[White "Sklavounou, Kalliopi"]
[Black "Tsakona, Maria"]
[Result "0-1"]
[WhiteElo "1295"]
[BlackElo "1626"]
[PlyCount "120"]
[EventDate "2021.08.23"]
[EventType "swiss"]
[EventRounds "9"]
[EventCountry "GRE"]
[SourceTitle "EXT 2022"]
[Source "ChessBase"]
[SourceDate "2021.10.06"]
[SourceVersion "1"]
[SourceVersionDate "2021.10.06"]
[SourceQuality "1"]

1. Nf3 Nf6 2. c4 e6 3. g3 d5 4. Bg2 dxc4 5. Qa4+ Nbd7 6. Qxc4 Bd6 7. 0-0 0-0 8. d4 e5 9. Nc3 c6 10. Rd1 Qe7 11. e4 Re8 12. d5 Nb6 13. Qb3 cxd5 14. Nxd5 Nbxd5 15. exd5 Bg4 16. h3 Bh5 17. g4 Bg6 18. Nd2 Rec8 19. Nc4 Ne8 20. Re1 Rab8 21. f4 Qh4 22. Bd2 exf4 23. Nxd6 Nxd6 24. Bxf4 Rc2 25. Qe3 Qf6 26. Bxd6 Qxd6 27. Qe8+ Rxe8 28. Rxe8+ Qf8 29. Rxf8+ Kxf8 30. Rd1 Ke8 31. b4 Kd7 32. d6 Rc4 33. a3 Be4 34. Bf1 Rc3 35. Bb5+ Bc6 36. Bd3 g6 37. Bf1 Rxa3 38. b5 Be4 39. Re1 f5 40. gxf5 gxf5 41. Rd1 Ra2 42. Bc4 Rg2+ 43. Kf1 Rh2 44. Rd4 Rxh3 45. Be6+ Kd8 46. Ra4 Rd3 47. Rxa7 Rxd6 48. Ra8+ Kc7 49. Rc8+ Kb6 50. Bc4 Bd3+ 51. Bxd3 Rxd3 52. Rh8 Kxb5 53. Rxh7 b6 54. Re7 Kc4 55. Rc7+ Kb4 56. Rc1 b5 57. Rb1+ Kc4 58. Rc1+ Rc3 59. Re1 b4 60. Re8 b3 0-1

[Event "EU-ch Amateur Online Final 2000/2300"]
[Site "Tornelo INT"]
[Date "2021.04.28"]
[Round "1"]
[White "Tsakona, Maria"]
[Black "Kalogridis, Antonios"]
[Result "0-1"]
[WhiteElo "1576"]
[BlackElo "2080"]
[PlyCount "126"]
[EventDate "2021.04.28"]
[EventType "swiss (rapid)"]
[EventRounds "9"]
[EventCountry "NET"]
[SourceTitle "EXT 2023"]
[Source "ChessBase"]
[SourceDate "2022.10.05"]
[SourceVersion "1"]
[SourceVersionDate "2022.10.05"]
[SourceQuality "1"]

1. e4 c6 2. d4 d5 3. exd5 cxd5 4. Bd3 Nc6 5. c3 Qc7 6. h3 e6 7. Nf3 Bd6 8. 0-0 Nge7 9. Re1 0-0 10. Qe2 f6 11. c4 Nb4 12. c5 Nxd3 13. Qxd3 Bf4 14. Nc3 Bd7 15. Nb5 Bxb5 16. Qxb5 Bxc1 17. Raxc1 Kf7 18. Re2 Nc6 19. Qd3 g6 20. g4 Qf4 21. Rce1 Rae8 22. Kg2 Re7 23. Qe3 Qxe3 24. Rxe3 g5 25. a3 a5 26. b3 h6 27. Rb1 e5 28. dxe5 fxe5 29. Rd1 Rd8 30. b4 axb4 31. axb4 e4 32. Nd2 Rde8 33. b5 Nd4 34. b6 Nc6 35. Nb3 Ke6 36. Nd4+ Nxd4 37. Rxd4 Ke5 38. Rd2 d4 39. Ra3 Kd5 40. Ra4 d3 41. f3 exf3+ 42. Kxf3 Re3+ 43. Kf2 Re2+ 44. Rxe2 dxe2 45. Ke1 Kxc5 46. Ra2 Re6 47. Rc2+ Kxb6 48. Rc3 Ka6 49. Ra3+ Kb6 50. h4 gxh4 51. Rh3 Kc5 52. Rxh4 b5 53. Rh5+ Kc4 54. g5 hxg5 55. Rxg5 b4 56. Rg4+ Kb3 57. Rg3+ Ka2 58. Rg8 b3 59. Ra8+ Kb1 60. Rc8 b2 61. Rc7 Ra6 62. Kxe2 Ka2 63. Rc2 Ka1 0-1

[Event "EU-ch Amateur Online Final 2000/2300"]
[Site "Tornelo INT"]
[Date "2021.04.28"]
[Round "9"]
[White "Tsakona, Maria"]
[Black "Vavra, Michal"]
[Result "1-0"]
[WhiteElo "1576"]
[BlackElo "1986"]
[PlyCount "83"]
[EventDate "2021.04.28"]
[EventType "swiss (rapid)"]
[EventRounds "9"]
[EventCountry "NET"]
[SourceTitle "EXT 2023"]
[Source "ChessBase"]
[SourceDate "2022.10.05"]
[SourceVersion "1"]
[SourceVersionDate "2022.10.05"]
[SourceQuality "1"]

1. e4 c5 2. Nf3 d6 3. Bb5+ Bd7 4. Bxd7+ Nxd7 5. 0-0 Ngf6 6. Re1 e6 7. c3 Be7 8. d4 0-0 9. Nbd2 cxd4 10. cxd4 Rc8 11. Nf1 d5 12. e5 Ne4 13. Ng3 Nxg3 14. hxg3 Qc7 15. Bg5 Bxg5 16. Nxg5 h6 17. Nh3 Qc2 18. Qg4 Rc4 19. b3 Rcc8 20. Nf4 Kh8 21. Qh4 Qb2 22. Rad1 Qxa2 23. g4 Qa3 24. g5 Qe7 25. Nh3 Kg8 26. Rd3 Rfd8 27. Qh5 g6 28. Qxh6 Qf8 29. Qh4 Qg7 30. Nf4 Kf8 31. Rh3 Ke7 32. Qh7 Rg8 33. Ra1 a6 34. Qh4 Rh8 35. Qg3 Rxh3 36. gxh3 Rc6 37. Qd3 Qg8 38. Qd2 Qc8 39. Qb4+ Ke8 40. Kg2 Rb6 41. Qa3 Qc3 42. Rc1 1-0

[Event "EU-ch Amateur Online Final 1400/1700"]
[Site "Tornelo INT"]
[Date "2021.04.18"]
[Round "9"]
[White "Marinidis, Stavros"]
[Black "Tsakona, Maria"]
[Result "0-1"]
[WhiteElo "1003"]
[BlackElo "1576"]
[PlyCount "158"]
[EventDate "2021.04.18"]
[EventType "swiss (rapid)"]
[EventRounds "9"]
[EventCountry "NET"]
[SourceTitle "EXT 2023"]
[Source "ChessBase"]
[SourceDate "2022.10.05"]
[SourceVersion "1"]
[SourceVersionDate "2022.10.05"]
[SourceQuality "1"]

1. e4 c6 2. d4 d5 3. e5 Bf5 4. h4 h5 5. Bd3 Bxd3 6. Qxd3 e6 7. Nf3 Qa5+ 8. Bd2 Qa6 9. Qxa6 Nxa6 10. a3 Ne7 11. Nc3 Nf5 12. 0-0-0 Be7 13. Bg5 c5 14. Bxe7 Kxe7 15. Nb5 Rhd8 16. Rhe1 cxd4 17. Nbxd4 Nxd4 18. Nxd4 Nc5 19. f3 a6 20. Re3 Rdc8 21. Nb3 Nd7 22. Rd4 Rc7 23. Kd2 Rac8 24. c3 Nb6 25. Na5 Nd7 26. Rb4 b6 27. Nb3 a5 28. Rf4 Rc4 29. Rxc4 Rxc4 30. Nd4 a4 31. f4 Nc5 32. f5 Ne4+ 33. Kd3 Nf2+ 34. Ke2 Ng4 35. Rg3 g6 36. f6+ Kd7 37. Nf3 Re4+ 38. Kd2 Nxe5 39. Nxe5+ Rxe5 40. Rf3 Re4 41. g3 Kd6 42. Kd3 Ke5 43. Rf1 d4 44. cxd4+ Rxd4+ 45. Kc3 Re4 46. Kd3 Rg4 47. Rf3 b5 48. Kc3 g5 49. hxg5 Rxg5 50. Kd3 Rf5 51. Re3+ Kd5 52. Kc3 Rxf6 53. Kb4 Rf5 54. Rd3+ Ke4 55. Rc3 Rd5 56. Rc1 f6 57. Rf1 Ke5 58. Rf4 f5 59. Rf1 Kf6 60. Rf4 e5 61. Rf1 Kg5 62. b3 axb3 63. Kxb3 Kg4 64. a4 bxa4+ 65. Kxa4 e4 66. Kb4 Kxg3 67. Kc4 Ra5 68. Kd4 h4 69. Rg1+ Kh2 70. Rg8 h3 71. Ke3 Ra3+ 72. Kf2 f4 73. Rg7 Ra2+ 74. Kf1 f3 75. Re7 Ra4 76. Rf7 Kg3 77. Rg7+ Kf4 78. Rf7+ Ke3 79. Rh7 Ra1# 0-1

[Event "EU-ch Amateur Online Final 1400/1700"]
[Site "Tornelo INT"]
[Date "2021.04.18"]
[Round "7"]
[White "Tsakona, Maria"]
[Black "Ntounias, Ioannis"]
[Result "1/2-1/2"]
[WhiteElo "1576"]
[BlackElo "1306"]
[PlyCount "127"]
[EventDate "2021.04.18"]
[EventType "swiss (rapid)"]
[EventRounds "9"]
[EventCountry "NET"]
[SourceTitle "EXT 2023"]
[Source "ChessBase"]
[SourceDate "2022.10.05"]
[SourceVersion "1"]
[SourceVersionDate "2022.10.05"]
[SourceQuality "1"]

1. e4 c5 2. Nf3 Nc6 3. Bb5 d6 4. c3 a6 5. Ba4 Nf6 6. Qe2 b5 7. Bc2 e5 8. 0-0 Be7 9. Rd1 c4 10. d4 cxd3 11. Bxd3 0-0 12. Nbd2 Bb7 13. Nf1 Bc8 14. Ng3 Be6 15. Nh4 Qc7 16. Nhf5 d5 17. exd5 Bxd5 18. Bg5 e4 19. Bxe4 Bxe4 20. Nxe4 Nxe4 21. Bxe7 Nxe7 22. Qxe4 Nxf5 23. Qxf5 Rad8 24. Qg5 h6 25. Qg4 f5 26. Qg6 Rf6 27. Qg3 Qb6 28. Qe3 Qc7 29. Rxd8+ Qxd8 30. Re1 Kh7 31. a3 Qd5 32. f3 a5 33. Qd4 Qb3 34. Re7 Rf7 35. Rxf7 Qxf7 36. b4 Qe6 37. Kf2 axb4 38. axb4 Qa2+ 39. Kg3 Qe6 40. Qc5 g5 41. Kf2 Qa2+ 42. Ke3 Qxg2 43. Qxf5+ Kg7 44. Qe5+ Kg6 45. Qxb5 Qg1+ 46. Ke4 Qe1+ 47. Kd4 Qf2+ 48. Ke4 Qe1+ 49. Kd4 Qf2+ 50. Kc4 Qf1+ 51. Kc5 Qf2+ 52. Kd6 Qxh2+ 53. Qe5 Qd2+ 54. Ke7 Qd3 55. b5 Qxf3 56. Qe6+ Kg7 57. b6 Qb7+ 58. Kd8 Qb8+ 59. Kd7 Qb7+ 60. Ke8 Qb8+ 61. Ke7 Qb7+ 62. Kd8 Qb8+ 63. Kd7 Qb7+ 64. Kd8 1/2-1/2

[Event "EU-ch Amateur Online 1400/1700"]
[Site "Tornelo INT"]
[Date "2021.04.17"]
[Round "4"]
[White "Lafkidis, Apostolos"]
[Black "Tsakona, Maria"]
[Result "1-0"]
[WhiteElo "1483"]
[BlackElo "1576"]
[PlyCount "75"]
[EventDate "2021.04.17"]
[EventType "swiss (rapid)"]
[EventRounds "8"]
[EventCountry "NET"]
[SourceTitle "EXT 2023"]
[Source "ChessBase"]
[SourceDate "2022.10.05"]
[SourceVersion "1"]
[SourceVersionDate "2022.10.05"]
[SourceQuality "1"]

1. e4 c6 2. d4 d5 3. exd5 cxd5 4. Bd3 Nc6 5. c3 g6 6. Nf3 Nh6 7. Bf4 Bf5 8. 0-0 Bxd3 9. Qxd3 Nf5 10. Ne5 Bg7 11. Nxc6 bxc6 12. Nd2 0-0 13. Rfe1 e6 14. Be5 Qb6 15. Bxg7 Kxg7 16. b4 a5 17. a3 Qb5 18. Qxb5 cxb5 19. Nb3 a4 20. Nc5 Nd6 21. Kf1 Nc4 22. f4 h6 23. Ke2 g5 24. Kf3 Ra7 25. g3 Kg6 26. g4 h5 27. gxh5+ Kxh5 28. fxg5 Kxg5 29. Rg1+ Kf6 30. Rg2 Rh8 31. Rc2 Raa8 32. Nd7+ Kf5 33. Rf2 Kg6 34. Rg1+ Kh6 35. Nf6 Nxa3 36. Rfg2 e5 37. Rg3 e4+ 38. Ke2 1-0

[Event "EU-ch Amateur Online 1400/1700"]
[Site "Tornelo INT"]
[Date "2021.04.17"]
[Round "8"]
[White "Radzimski, Antoni"]
[Black "Tsakona, Maria"]
[Result "0-1"]
[WhiteElo "1271"]
[BlackElo "1576"]
[PlyCount "102"]
[EventDate "2021.04.17"]
[EventType "swiss (rapid)"]
[EventRounds "8"]
[EventCountry "NET"]
[SourceTitle "EXT 2023"]
[Source "ChessBase"]
[SourceDate "2022.10.05"]
[SourceVersion "1"]
[SourceVersionDate "2022.10.05"]
[SourceQuality "1"]

1. e4 c6 2. d4 d5 3. exd5 cxd5 4. Bd3 Nc6 5. c3 g6 6. Bf4 Nh6 7. Nf3 Bf5 8. Bb5 Bg7 9. Qd2 Ng4 10. h3 Nf6 11. Ne5 Rc8 12. Bh6 0-0 13. Bxg7 Kxg7 14. 0-0 Nxe5 15. dxe5 Ne4 16. Qd4 a6 17. Bd3 e6 18. Kh2 Qg5 19. f4 Qg3+ 20. Kh1 b5 21. Na3 Nf2+ 22. Qxf2 Qxf2 23. Rxf2 Bxd3 24. Rd1 Be4 25. Nc2 Bxc2 26. Rxc2 Rc4 27. Rd4 Rfc8 28. Rcd2 h6 29. Kg1 g5 30. fxg5 hxg5 31. Kf2 Kg6 32. g4 b4 33. Rxc4 Rxc4 34. Rd4 Rxd4 35. cxd4 f6 36. Ke3 a5 37. b3 fxe5 38. dxe5 Kf7 39. Kd3 Ke7 40. Ke3 Kd7 41. Kd3 Kc6 42. Ke3 Kc5 43. Kd3 d4 44. Ke4 a4 45. bxa4 Kc4 46. a5 d3 47. Ke3 Kc3 48. a6 d2 49. a7 d1Q 50. a8Q Qe1+ 51. Kf3 Qh1+ 0-1